المغناطيسيات : التجاذب و التنافر / (رقم التسجيلة. 102970)

تفاصيل مارك
000 -LEADER
fixed length control field 00695nam a22002177a 4500
005 - DATE AND TIME OF LATEST TRANSACTION
control field 20251108173410.0
008 - FIXED-LENGTH DATA ELEMENTS--GENERAL INFORMATION
fixed length control field 250721s2004 xx 000 0 ara d
020 ## - INTERNATIONAL STANDARD BOOK NUMBER
International Standard Book Number 9772708531
082 14 - DEWEY DECIMAL CLASSIFICATION NUMBER
Classification number ط538/روز
100 1# - MAIN ENTRY--PERSONAL NAME
Personal name روزنيسكي، ناتالي
245 10 - TITLE STATEMENT
Title المغناطيسيات : التجاذب و التنافر /
264 1# - PRODUCTION, PUBLICATION, DISTRIBUTION, MANUFACTURE, AND COPYRIGHT NOTICE
Place of production, publication, distribution, manufacture القاهره :
Name of producer, publisher, distributor, manufacturer الدار المصرية اللبنانية،
Date of production, publication, distribution, manufacture, or copyright notice 2004.
300 ## - PHYSICAL DESCRIPTION
Extent 24ص.
490 0# - SERIES STATEMENT
Series statement العلوم المدهشة
650 17 - SUBJECT ADDED ENTRY--TOPICAL TERM
Topical term or geographic name as entry element المغنطيسية
700 1# - ADDED ENTRY--PERSONAL NAME
Personal name بويد، شري
Relator term Art.
700 1# - ADDED ENTRY--PERSONAL NAME
Personal name القاضي، زكريا
Relator term Tran.
700 1# - ADDED ENTRY--PERSONAL NAME
Personal name رشاد، نرمين
Relator term Advis.
942 ## - ADDED ENTRY ELEMENTS (KOHA)
Source of classification or shelving scheme Dewey Decimal Classification
Koha item type كتب
المقتنيات
حالة السحب حالة الفقدان مصدر التصنيف حالة التلف غير قابل للإعارة المكتبة الرئيسية المكتبة الحالية موقع الرف تاريخ التزويد الرقم المتسلسل Total Checkouts رقم الإستدعاء الباركود تاريخ آخر ظهور تاريخ الفاتورة نوع المادة (كوها)
    Dewey Decimal Classification     مكتبة قتيبة للأطفال مكتبة قتيبة للأطفال الأطفال 28/07/2025 1056405   ط538/روز 1056405 28/07/2025 28/07/2025 كتب
    Dewey Decimal Classification     مكتبة البيادر مكتبة البيادر الأطفال 28/07/2025 1056411   ط538/روز 1056411 28/07/2025 28/07/2025 كتب
    Dewey Decimal Classification     مكتبة عدن للأطفال مكتبة عدن للأطفال الأطفال 28/07/2025 1056423   ط538/روز 1056423 28/07/2025 28/07/2025 كتب
Implemented & Customized by: BBB with SCIT (Smart Chains for Information Technology)

Powered by Koha